| 000 | 02144cam a2200397 a 4500 | ||
|---|---|---|---|
| 001 | 6420 | ||
| 003 | BD-DhEWU | ||
| 005 | 20181122185722.0 | ||
| 008 | 090102s2010 mauab g b 001 0 eng d | ||
| 010 | _a 2008056000 | ||
| 020 | _a9780073377872 (alk. paper) | ||
| 020 | _a0073377872 (alk. paper) | ||
| 035 | _a(OCoLC)244765183 | ||
| 040 |
_aDLC _cDLC _dBTCTA _dDLC _dBD-DhEWU _beng |
||
| 041 | _aeng | ||
| 050 | 0 | 0 |
_aHD38.5 _b.B697 2010 |
| 082 | 0 | 0 |
_a658.7 _bBOS 2010 |
| 100 | 1 |
_aBowersox, Donald J. _910231 |
|
| 245 | 1 | 0 |
_aSupply chain logistics management / _cDonald J. Bowersox, David J. Closs, M. Bixby Cooper. |
| 250 | _a3rd ed. | ||
| 260 |
_aBoston : _bMcGraw-Hill/Irwin, _cc2010. |
||
| 300 |
_axiv, 498 p. : _bill., maps ; _c27 cm. |
||
| 490 | 1 | _aThe McGraw-Hill/Irwin series operations and decision sciences | |
| 504 | _aIncludes bibliographical references and index. | ||
| 505 |
_tTOC _a21st-century supply chain -- Logistics -- Customer accomodation -- Procurement and manufacturing -- Information technology -- Integrated operations planning -- Inventory -- Transportation infrastructure -- Transportation operations -- Warehousing -- Packaging and materials handling -- Global supply chains -- Network design -- Network and operational planning -- Relationship development and management -- Operational and financial performance measurement -- Supply chain risk. |
||
| 520 | _aSummary: By examining traditional logistics issues within the context of the supply chain, this text captures the trends in supply chain management and supply chain strategy. It provides a foundation that describes the role of logistics within the supply chain, portraying a view of the subject. | ||
| 526 | _aBA | ||
| 590 | _aTahur Ahmed | ||
| 650 | 0 |
_aBusiness logistics. _95244 |
|
| 700 | 1 |
_aCloss, David J. _910232 |
|
| 700 | 1 |
_aCooper, M. Bixby. _910233 |
|
| 830 | 0 |
_aMcGraw-Hill/Irwin series operations and decision sciences. _923435 |
|
| 856 | 4 | 2 |
_3WorldCat details _uhttp://www.worldcat.org/title/supply-chain-logistics-management/oclc/244765183&referer=brief_results |
| 942 |
_2ddc _cTEXT |
||
| 999 |
_c6420 _d6420 |
||
| 999 |
_c6420 _d6420 |
||